01245 a2200205 45000010006000000050017000060080041000230030015000640400040000790800047001192450076001660200018002422640041002603000019003015050568003200410008008881000021008967000023009178560099009404578920260407155729.0260407a2003 arg spa dAR-UNSa-BCEJYS aAR-UNSa-BCEJYSbspacAR-UNSa-BCEJYS a336.5xGasto público. Gastos del estado 10aEl gasto público social en la Argentinapdiagnóstico y perspectivas a987-1151-02-0 1aCórdoba :bFundación Arcorc2003 a198 p.c23 cm. a1. El rol del Estado en la política social – 2. Evolución y características del gasto público social en la Argentina – 3. Impacto distributivo del gasto público social - 3. Impacto distributivo del gasto público social – 4. La eficiencia del gasto social – 5. La descentralización del gasto público social – 6. Evaluación de programas sociales – 7. Focalización de programas sociales – 8. Economía política del gasto público social – 9. El rol de las organizaciones de la sociedad civil en las políticas públicas -  aspa1 aBonari, Damián1 aBertranou, Evelina41uhttps://www.biblioeco.unsa.edu.ar/pmb/images/libros/L127192.jpgyImagen de portadaqimage/jpeg